[Event "Port of Spain op"]
[Site "Port of Spain"]
[Date "2017.08.27"]
[Round "2"]
[White "Ali, Ian"]
[Black "Malle, Angel"]
[Result "1-0"]
[WhiteElo "1775"]
[BlackElo "1113"]
[PlyCount "85"]
[EventDate "2017.08.27"]
[EventType "swiss"]
[EventRounds "9"]
[EventCountry "TRI"]
[SourceTitle "CBM 180 Extra"]
[Source "ChessBase"]
[SourceDate "2017.10.06"]
[SourceVersion "1"]
[SourceVersionDate "2017.10.06"]
[SourceQuality "1"]

1. Nf3 Nc6 2. d4 d5 3. Bf4 Bf5 4. c3 Nf6 5. e3 e6 6. h3 Bd6 7. Bxd6 Qxd6 8. Bd3 Bxd3 9. Qxd3 0-0 10. 0-0 Rfe8 11. Nbd2 e5 12. dxe5 Nxe5 13. Qc2 c5 14. Rad1 Qc6 15. Nxe5 Rxe5 16. Nf3 Ree8 17. a3 Rad8 18. b4 b6 19. Rfe1 Ne4 20. Nd2 cxb4 21. Nxe4 dxe4 22. axb4 a5 23. bxa5 bxa5 24. Ra1 Ra8 25. Ra4 f5 26. Rea1 Re5 27. Qa2+ Qd5 28. Rd4 Qxa2 29. Rxa2 g5 30. g3 g4 31. hxg4 fxg4 32. Raa4 Rae8 33. c4 Rc8 34. Rd5 Rxc4 35. Rd8+ Re8 36. Rxe8+ Kf7 37. Rxc4 Kxe8 38. Rxe4+ Kd7 39. Ra4 Ke6 40. Rxg4 Kf5 41. Ra4 h5 42. Rxa5+ Kg4 43. Kg2 1-0